| 000 | 00000nas##2200000za#4500 |
| 001 | 9.514040 |
| 003 | CaOODSP |
| 005 | 20220328113236 |
| 007 | ta |
| 008 | 150406c1997||||xxc|| p #||||f| |0fre|d |
| 022 | |a1483-1554 |
| 040 | |aCaOODSP|bfre |
| 043 | |an-cn--- |
| 086 | 1 |aIu61-3F |
| 110 | 1 |aCanada. |bIndustrie Canada. |
| 245 | 10|aPrix du Premier ministre pour l'excellence dans l'enseignement. Lignes directrices et formulaire de mise en candidature |
| 260 | |aOttawa - Ontario : |bIndustrie Canada |
| 310 | |aAnnuel |
| 362 | 1 |a1997-- |
| 520 | 3 |aRécompense des enseignants exceptionnels de toutes les disciplines qui insufflent à leurs élèves le goût d'apprendre, tout en les aidants à exceller et à se bâtir un avenir prometteur. |
| 775 | 08|tPrime Minister's Awards for Teaching Excellence. Guidelines and nomination form |w(CaOODSP)9.515717 |
| 776 | 0#|tPrix du Premier ministre pour l'excellence dans l'enseignement. |w(CaOODSP)9.502516 |